Problemáticas sociales i [dvd] : mejor hablar de ciertas cosas i y ii

Guardado en:
Formato: Libro
Publicado: Buenos Aires : Educ.ar, 2011
Series:Colección Ministerio de Educación de la Nación
Materias:
Etiquetas: Agregar Etiqueta
Sin Etiquetas, Sea el primero en etiquetar este registro!
LEADER 01206nam a22002535a 4500
001 CEM.cems017832
005 20130904122626.0
008 130507s2011##################000#0#####d
003 CEMS
082 0 4 |a DVD370 
245 0 0 |a Problemáticas sociales i [dvd] :  |b mejor hablar de ciertas cosas i y ii 
260 |a Buenos Aires :  |b Educ.ar,  |c 2011 
300 |a 1 DVD 
490 0 |a Colección Ministerio de Educación de la Nación 
500 |a Nivel medioconducido por Gastón Pauls y destinado a un público joven, Mejor hablar de ciertas cosas nos acerca a la mirada de los adolescentes argentinos, a sus valores y realidades sociales. Con un lenguaje, directo e informativo, los diferentes capítulos desarrollan temáticas como la educación sexual, la discriminación, la drogadependencia y embarazo adolescente. 
505 0 |a Abuso de alcohol -- Embarazo adolescente -- Drogadependencia -- Educación sexual 
653 |a Alcoholismo 
653 |a Educación para la salud 
653 |a Adolescencia 
653 |a Embarazo adolescente 
653 |a Drogadependencia 
653 |a Educación sexual 
653 |a Discriminación 
859 |a CEMS  |b BIB. CEMS - Agricultura  |h DVD370  |i Ar37  |p A0013.012  |t Ej.1  |v 13  |3 13